[Event "Holguin Oriental zt"]
[Site "Holguin"]
[Date "2018.11.20"]
[Round "2"]
[White "Martinez Ramirez, Lennis"]
[Black "Fuentes Dominguez, Felix"]
[Result "1/2-1/2"]
[WhiteElo "2405"]
[BlackElo "2278"]
[PlyCount "106"]
[EventDate "2018.11.19"]
[EventType "tourn"]
[EventRounds "11"]
[EventCountry "CUB"]
[EventCategory "4"]
[SourceTitle "EXT 2021"]
[Source "ChessBase"]
[SourceDate "2020.10.23"]
[SourceVersion "1"]
[SourceVersionDate "2020.10.23"]
[SourceQuality "1"]

1. e4 c5 2. Nf3 d6 3. d4 cxd4 4. Nxd4 Nf6 5. Nc3 e6 6. Be2 e5 7. Nb3 Be6 8. f4 Qc7 9. f5 Bc4 10. Bxc4 Qxc4 11. Bg5 Nbd7 12. Bxf6 Nxf6 13. Qf3 Rc8 14. 0-0-0 h5 15. Kb1 Be7 16. Rd3 Kf8 17. Nd2 Qc7 18. Qe2 b5 19. Nf1 Qb7 20. Nd5 Rc4 21. Nd2 Nxd5 22. exd5 Rf4 23. Rf1 Rxf1+ 24. Qxf1 Bf6 25. Nb3 e4 26. Rd1 Qe7 27. c4 Qe5 28. Rd2 bxc4 29. Qxc4 Qxf5 30. Nd4 Bxd4 31. Rxd4 Rh6 32. Qa6 e3+ 33. Qd3 Qf2 34. Re4 Qg1+ 35. Kc2 Qxg2+ 36. Kb3 Rf6 37. Qc4 g5 38. Rxe3 Rf4 39. Qc8+ Kg7 40. Qc3+ Rf6 41. a4 Qxd5+ 42. Ka3 g4 43. a5 Qb5 44. b4 d5 45. Qe5 Kg6 46. h4 Rf5 47. Qe8 Qc4 48. Qg8+ Kh6 49. Re6+ fxe6 50. Qxe6+ Kg7 51. Qxf5 Qc3+ 52. Ka4 Qc6+ 53. Ka3 Qc3+ 1/2-1/2

[Event "Francisco Martinez 8th tt"]
[Site "Santa Clara"]
[Date "2018.08.21"]
[Round "10.2"]
[White "Otero Acosta, Diasmany"]
[Black "Fuentes Dominguez, Felix"]
[Result "1/2-1/2"]
[WhiteElo "2387"]
[BlackElo "2293"]
[PlyCount "23"]
[EventDate "2018.08.16"]
[EventType "team-tourn"]
[EventRounds "10"]
[EventCountry "CUB"]
[EventCategory "8"]
[SourceTitle "EXT 2021"]
[Source "ChessBase"]
[SourceDate "2020.10.23"]
[SourceVersion "1"]
[SourceVersionDate "2020.10.23"]
[SourceQuality "1"]

1. c4 c5 2. Nc3 Nf6 3. g3 g6 4. Bg2 Bg7 5. Nf3 Nc6 6. d3 d6 7. Rb1 Rb8 8. a3 a5 9. 0-0 0-0 10. b3 Bg4 11. h3 Bxf3 12. Bxf3 1/2-1/2

[Event "Francisco Martinez 8th tt"]
[Site "Santa Clara"]
[Date "2018.08.20"]
[Round "8.3"]
[White "Perez Leiva, Jerzy Jesus"]
[Black "Fuentes Dominguez, Felix"]
[Result "0-1"]
[WhiteElo "2315"]
[BlackElo "2293"]
[PlyCount "68"]
[EventDate "2018.08.16"]
[EventType "team-tourn"]
[EventRounds "10"]
[EventCountry "CUB"]
[EventCategory "8"]
[SourceTitle "EXT 2021"]
[Source "ChessBase"]
[SourceDate "2020.10.23"]
[SourceVersion "1"]
[SourceVersionDate "2020.10.23"]
[SourceQuality "1"]

1. e4 c5 2. Nf3 d6 3. d4 cxd4 4. Nxd4 Nf6 5. Nc3 a6 6. h3 e5 7. Nde2 h5 8. Bg5 Be6 9. Bxf6 Qxf6 10. Nd5 Qd8 11. Qd3 Nd7 12. 0-0-0 Rc8 13. Nec3 Rc5 14. h4 Nf6 15. Ne3 Qa5 16. Ned5 Bxd5 17. exd5 g6 18. a3 Bh6+ 19. Kb1 Rxc3 20. bxc3 Qxa3 21. Qc4 0-0 22. f3 Qa5 23. Be2 Re8 24. g4 Bf4 25. Rhg1 Kg7 26. gxh5 Nxh5 27. Bd3 Rh8 28. Qb3 Qc7 29. Rg2 Be3 30. Be4 Nf4 31. Rg4 Rh5 32. c4 Qb6 33. Re1 Bd4 34. Bd3 Qa5 0-1

[Event "Francisco Martinez 8th tt"]
[Site "Santa Clara"]
[Date "2018.08.18"]
[Round "5.2"]
[White "Fuentes Dominguez, Felix"]
[Black "Otero Acosta, Diasmany"]
[Result "1/2-1/2"]
[WhiteElo "2293"]
[BlackElo "2387"]
[PlyCount "22"]
[EventDate "2018.08.16"]
[EventType "team-tourn"]
[EventRounds "10"]
[EventCountry "CUB"]
[EventCategory "8"]
[SourceTitle "EXT 2021"]
[Source "ChessBase"]
[SourceDate "2020.10.23"]
[SourceVersion "1"]
[SourceVersionDate "2020.10.23"]
[SourceQuality "1"]

1. d4 d5 2. c4 e6 3. Nc3 Nf6 4. Bf4 c6 5. Nf3 Bd6 6. Bxd6 Qxd6 7. e3 0-0 8. Bd3 dxc4 9. Bxc4 Nbd7 10. 0-0 Nb6 11. Bd3 h6 1/2-1/2

[Event "Capablanca Memorial op 53rd"]
[Site "Havana"]
[Date "2018.05.11"]
[Round "3"]
[White "Ordaz Valdes, Lisandra Teresa"]
[Black "Fuentes Dominguez, Felix"]
[Result "1-0"]
[WhiteElo "2414"]
[BlackElo "2289"]
[PlyCount "79"]
[EventDate "2018.05.09"]
[EventType "swiss"]
[EventRounds "10"]
[EventCountry "CUB"]
[SourceTitle "EXT 2019"]
[Source "ChessBase"]
[SourceDate "2018.10.10"]
[SourceVersion "1"]
[SourceVersionDate "2018.10.10"]
[SourceQuality "1"]

1. d4 Nf6 2. c4 c5 3. d5 e5 4. Nc3 d6 5. e4 Be7 6. g3 0-0 7. Bg2 Nbd7 8. Nge2 Ne8 9. b3 a6 10. 0-0 Rb8 11. a4 Nc7 12. a5 Ne8 13. Bd2 Bg5 14. Be1 b5 15. axb6 Qxb6 16. Ra3 g6 17. f4 Bh6 18. f5 gxf5 19. exf5 Ndf6 20. h3 Kh8 21. Qd3 Rg8 22. g4 Qd8 23. Bh4 Bg5 24. Bxg5 Rxg5 25. Ng3 Rg8 26. Qe3 Nd7 27. Nce4 Ndf6 28. Nxf6 Qxf6 29. Ne4 Qd8 30. f6 Rg6 31. g5 Qb6 32. Qf3 Qb4 33. Rfa1 Qb7 34. Rxa6 Qxa6 35. Rxa6 Bxa6 36. h4 Bc8 37. Bh3 Bxh3 38. Qxh3 Rd8 39. h5 Rg8 40. g6 1-0

[Event "Latin Cup-A 9th"]
[Site "Lima"]
[Date "2018.02.04"]
[Round "9"]
[White "Fuentes Dominguez, Felix"]
[Black "Principe, Gerson"]
[Result "1-0"]
[WhiteElo "2288"]
[BlackElo "2300"]
[PlyCount "91"]
[EventDate "2018.01.29"]
[EventType "tourn"]
[EventRounds "9"]
[EventCountry "PER"]
[SourceTitle "CBM 182 Extra"]
[Source "ChessBase"]
[SourceDate "2018.02.23"]
[SourceVersion "1"]
[SourceVersionDate "2018.02.23"]
[SourceQuality "1"]

1. e4 c6 2. d4 d5 3. e5 c5 4. Nf3 Nc6 5. dxc5 e6 6. Be3 Nge7 7. c3 Nf5 8. Bd4 Bd7 9. Qd2 a5 10. a4 b6 11. cxb6 Nfxd4 12. cxd4 Qxb6 13. Bb5 Rb8 14. 0-0 Bb4 15. Nc3 0-0 16. Rad1 Rfd8 17. Qf4 Be7 18. Qg4 Qb7 19. Rd2 Nb4 20. Ne1 Bxb5 21. Nxb5 Rdc8 22. Nd3 Nxd3 23. Rxd3 Rc4 24. Rg3 g6 25. b3 Rc6 26. h4 Rbc8 27. Qf4 Qd7 28. Rf3 Rf8 29. Qh6 Qd8 30. Re1 f5 31. exf6 Rxf6 32. Rxf6 Bxf6 33. g3 Qf8 34. Qd2 Qd8 35. Kg2 Kg7 36. Qf4 Qb6 37. Re3 Qd8 38. Rf3 Qe7 39. Qb8 e5 40. dxe5 Bxe5 41. Qa8 Rc5 42. Qxa5 d4 43. Qb4 d3 44. Rxd3 Qb7+ 45. Rf3 Rc3 46. Qf8# 1-0

[Event "Latin Cup-A 9th"]
[Site "Lima"]
[Date "2018.01.31"]
[Round "4"]
[White "Fuentes Dominguez, Felix"]
[Black "Cori Quispe, Kevin Joel"]
[Result "0-1"]
[WhiteElo "2288"]
[BlackElo "2452"]
[PlyCount "80"]
[EventDate "2018.01.29"]
[EventType "tourn"]
[EventRounds "9"]
[EventCountry "PER"]
[SourceTitle "CBM 182 Extra"]
[Source "ChessBase"]
[SourceDate "2018.02.23"]
[SourceVersion "1"]
[SourceVersionDate "2018.02.23"]
[SourceQuality "1"]

1. e4 c5 2. Nf3 d6 3. d4 cxd4 4. Nxd4 Nf6 5. Nc3 Nc6 6. Bc4 Qb6 7. Nb3 e6 8. 0-0 a6 9. Bd3 Be7 10. Be3 Qc7 11. f4 0-0 12. Qf3 b5 13. a3 Bb7 14. g4 b4 15. axb4 Nxb4 16. g5 Nd7 17. Rac1 f5 18. Nd4 Nc5 19. Bc4 d5 20. exd5 Rad8 21. Qh3 exd5 22. Be2 g6 23. Bf3 Rfe8 24. Bg2 Bf8 25. Kh1 Bg7 26. Bg1 Ne6 27. Nce2 Nc6 28. Nxe6 Rxe6 29. Nc3 Nb4 30. Na4 d4 31. Qb3 Bxg2+ 32. Kxg2 Qc6+ 33. Kg3 Nd5 34. Rcd1 Re4 35. Rf3 Kh8 36. Rdf1 Nxf4 37. Rxf4 Be5 38. Qb6 Qxb6 39. Nxb6 d3 40. cxd3 Rxf4 0-1

[Event "Guillermo Garcia Memorial op 26th"]
[Site "Santa Clara"]
[Date "2017.05.25"]
[Round "9"]
[White "Marrero Castellanos, Roisbel"]
[Black "Fuentes Dominguez, Felix"]
[Result "1/2-1/2"]
[WhiteElo "2307"]
[BlackElo "2301"]
[PlyCount "100"]
[EventDate "2017.05.16"]
[EventType "swiss"]
[EventRounds "9"]
[EventCountry "CUB"]
[SourceTitle "CBM 178 Extra"]
[Source "ChessBase"]
[SourceDate "2017.06.22"]
[SourceVersion "1"]
[SourceVersionDate "2017.06.22"]
[SourceQuality "1"]

1. d4 Nf6 2. c4 c5 3. d5 e6 4. Nc3 exd5 5. cxd5 g6 6. Nf3 Bg7 7. Bf4 0-0 8. Bd6 Re8 9. Bxc5 Na6 10. Bd4 b5 11. e3 b4 12. Nb5 Bf8 13. Bc4 Bb7 14. d6 Rc8 15. Qb3 Rxc4 16. Qxc4 Qa8 17. Bxf6 Bxf3 18. Nd4 Bb7 19. 0-0 Bxd6 20. f3 Qb8 21. Kh1 Nc7 22. Rfe1 Nd5 23. Bh4 Bxh2 24. e4 Rc8 25. Qf1 Be5 26. Rad1 Nf4 27. Bg3 h5 28. Rd2 h4 29. Bxf4 Bxf4 30. Rc2 Rxc2 31. Nxc2 Qe5 32. Nxb4 Qg5 33. Ra1 Qg3 34. Qg1 h3 35. Nd3 hxg2+ 36. Qxg2 Qh4+ 37. Kg1 Be3+ 38. Kf1 d5 39. Ke2 dxe4 40. Kxe3 exd3 41. Rh1 Qe7+ 42. Kxd3 Bc8 43. Rc1 Bf5+ 44. Kd2 Qb4+ 45. Kd1 Qd4+ 46. Qd2 Qg1+ 47. Qe1 Qd4+ 48. Qd2 Qg1+ 49. Ke2 Qh2+ 50. Ke3 Qe5+ 1/2-1/2

[Event "Guillermo Garcia Memorial op 24th"]
[Site "Santa Clara"]
[Date "2015.06.09"]
[Round "7"]
[White "Aguilera Rodriguez, Alfredo R"]
[Black "Fuentes Dominguez, Felix"]
[Result "1-0"]
[WhiteElo "2308"]
[BlackElo "2317"]
[PlyCount "69"]
[EventDate "2015.06.03"]
[EventType "swiss"]
[EventRounds "9"]
[EventCountry "CUB"]
[SourceTitle "CBM 167 Extra"]
[Source "ChessBase"]
[SourceDate "2015.09.14"]
[SourceVersion "1"]
[SourceVersionDate "2015.09.14"]
[SourceQuality "1"]

1. e4 c5 2. Nf3 d6 3. d4 cxd4 4. Nxd4 Nf6 5. Nc3 a6 6. Be3 e6 7. Rg1 b5 8. f3 h5 9. Qd2 Bb7 10. 0-0-0 Nbd7 11. Kb1 Be7 12. Bd3 Ne5 13. f4 Neg4 14. h3 Nxe3 15. Qxe3 Qb6 16. e5 dxe5 17. fxe5 Nd5 18. Nxd5 Bxd5 19. Rgf1 Rf8 20. Qe2 0-0-0 21. Nb3 h4 22. c4 bxc4 23. Bxc4 Bb7 24. Rxd8+ Bxd8 25. Bd3 Kb8 26. Be4 Bc8 27. Rd1 f5 28. Bf3 Be7 29. Nd4 Bd7 30. Rd3 Kc7 31. Rc3+ Kd8 32. Nc6+ Bxc6 33. Rxc6 Qg1+ 34. Rc1 Qa7 35. Qc4 1-0

[Event "Guillermo Garcia Memorial op 24th"]
[Site "Santa Clara"]
[Date "2015.06.04"]
[Round "2"]
[White "Fuentes Dominguez, Felix"]
[Black "Guerrero Sierra, Juan Carlos"]
[Result "0-1"]
[WhiteElo "2317"]
[BlackElo "2234"]
[PlyCount "84"]
[EventDate "2015.06.03"]
[EventType "swiss"]
[EventRounds "9"]
[EventCountry "CUB"]
[SourceTitle "CBM 167 Extra"]
[Source "ChessBase"]
[SourceDate "2015.09.14"]
[SourceVersion "1"]
[SourceVersionDate "2015.09.14"]
[SourceQuality "1"]

1. e4 c5 2. Nf3 d6 3. d4 cxd4 4. Nxd4 Nf6 5. Nc3 g6 6. Bc4 Bg7 7. 0-0 0-0 8. Bb3 Nc6 9. h3 Na5 10. Re1 b6 11. Bg5 Nxb3 12. axb3 Bb7 13. Qd2 Qd7 14. Bh6 Rfc8 15. Bxg7 Kxg7 16. Rad1 Kg8 17. Nf3 Rc5 18. b4 Rc7 19. Qh6 Qe8 20. e5 dxe5 21. Nxe5 a6 22. Rd4 Rd8 23. Rh4 Qf8 24. Qe3 Rd6 25. Nc4 Re6 26. Qc1 Rxe1+ 27. Qxe1 Qd8 28. Qe3 Rc6 29. Rd4 Qc7 30. Qd3 Kg7 31. Ne3 Re6 32. b5 axb5 33. Qxb5 Re5 34. Qc4 Rc5 35. Qb4 Ra5 36. Rd1 Qc6 37. Qxe7 Rg5 38. Rd6 Rxg2+ 39. Kf1 Rg1+ 40. Ke2 Qf3+ 41. Kd3 Ba6+ 42. Kd4 Qf4+ 0-1

[Event "Capablanca Memorial op 49th"]
[Site "Havana"]
[Date "2014.05.12"]
[Round "5"]
[White "Fuentes Dominguez, Felix"]
[Black "Quesada Vera, Liordis"]
[Result "1/2-1/2"]
[WhiteElo "2297"]
[BlackElo "2440"]
[PlyCount "168"]
[EventDate "2014.04.08"]
[EventType "swiss"]
[EventRounds "10"]
[EventCountry "CUB"]
[SourceTitle "CBM 160 Extra"]
[Source "ChessBase"]
[SourceDate "2014.07.01"]
[SourceVersion "1"]
[SourceVersionDate "2014.07.01"]
[SourceQuality "1"]

1. e4 e5 2. Nf3 Nc6 3. Bb5 a6 4. Ba4 Nf6 5. 0-0 b5 6. Bb3 Bb7 7. Re1 Be7 8. c3 0-0 9. d4 d6 10. Nbd2 exd4 11. cxd4 Nb4 12. Qe2 c5 13. a3 Nc6 14. d5 Na5 15. Bc2 c4 16. Nd4 Re8 17. N2f3 Bf8 18. Qd1 Nd7 19. Bd2 Nc5 20. Bc3 Bc8 21. h3 Nab3 22. Rb1 Nxd4 23. Qxd4 f6 24. Qd2 Bd7 25. Ba5 Qe7 26. Rbd1 Qf7 27. Bc3 Qh5 28. Qf4 a5 29. Nd4 Re7 30. f3 Ree8 31. Re2 Reb8 32. g4 Qe5 33. Qe3 Qe8 34. Red2 Qd8 35. Kh2 Qb6 36. Nf5 b4 37. Bd4 bxa3 38. bxa3 Bxf5 39. gxf5 Nb3 40. Bxb3 Qxb3 41. Rd3 Qa4 42. Rg1 Kf7 43. Rc3 Rb3 44. Qc1 Rxc3 45. Qxc3 Rb8 46. Rc1 Rb3 47. Qxc4 Qxc4 48. Rxc4 Rxa3 49. Rc7+ Ke8 50. Rc8+ Kf7 51. Rc7+ Kg8 52. Kg3 Rd3 53. Rc4 Ra3 54. Rc8 Rd3 55. Bc3 a4 56. Bb4 Kf7 57. Ra8 Rd4 58. Ra7+ Kg8 59. Rxa4 g6 60. fxg6 hxg6 61. Kf2 Rc4 62. Ke3 Be7 63. Kd3 Rc8 64. Ra6 Rd8 65. Ra7 Kf8 66. Rc7 Ke8 67. Kc4 g5 68. Rc6 Kd7 69. Ba5 Rb8 70. Rc7+ Ke8 71. Bb4 Kd8 72. Ra7 Ke8 73. Ra6 Kd7 74. Ra7+ Ke8 75. Ra1 Kd7 76. Rh1 Rc8+ 77. Kd3 Rh8 78. Be1 Ke8 79. Bg3 Kf7 80. f4 Ra8 81. Ke2 Ra3 82. Kf2 f5 83. exf5 gxf4 84. Bxf4 Rd3 1/2-1/2

[Event "Capablanca Memorial op 49th"]
[Site "Havana"]
[Date "2014.05.09"]
[Round "2"]
[White "Trent, Lawrence"]
[Black "Fuentes Dominguez, Felix"]
[Result "1-0"]
[WhiteElo "2468"]
[BlackElo "2297"]
[PlyCount "69"]
[EventDate "2014.04.08"]
[EventType "swiss"]
[EventRounds "10"]
[EventCountry "CUB"]
[SourceTitle "CBM 160 Extra"]
[Source "ChessBase"]
[SourceDate "2014.07.01"]
[SourceVersion "1"]
[SourceVersionDate "2014.07.01"]
[SourceQuality "1"]

1. e4 c5 2. Nf3 d6 3. Bb5+ Bd7 4. Bxd7+ Qxd7 5. 0-0 Nc6 6. c3 Nf6 7. Re1 e6 8. d4 cxd4 9. cxd4 d5 10. e5 Ne4 11. a3 Be7 12. Nbd2 Nxd2 13. Bxd2 0-0 14. Rc1 Rfe8 15. Rc3 Bd8 16. Rd3 Ne7 17. Ng5 Ng6 18. h4 Bxg5 19. Bxg5 h6 20. h5 hxg5 21. hxg6 fxg6 22. Rg3 Rf8 23. Rxg5 Qf7 24. Qd2 Rac8 25. Re3 Qf4 26. Rxg6 Rc4 27. Rgg3 Rxd4 28. Qe2 Rf5 29. Rgf3 Qg4 30. Rxf5 Qxf5 31. Qb5 Rd1+ 32. Kh2 Qh5+ 33. Rh3 Qxe5+ 34. g3 Rh1+ 35. Kxh1 1-0